|
|
|
|
| LEADER |
00000nab a2200000uu 4500 |
| 001 |
vtls011484153 |
| 003 |
SK-MaSNL |
| 005 |
20260303162216.0 |
| 008 |
230222|1994 xo |||||||||||||||||cze| |
| 015 |
|
|
|a SNBRB
|
| 035 |
|
|
|a (urnnbn)urn:nbn:sk:snk:ar-0076mu
|
| 035 |
|
|
|a (uuid)8cfb80ef-ec77-4d70-84a8-99603e84535f
|
| 035 |
|
|
|a urn:nbn:sk:snk-abdato
|
| 040 |
|
|
|a SNKBUCL
|b slo
|c SNKBUCL
|e AACR2
|
| 041 |
0 |
|
|a cze
|
| 044 |
|
|
|a xo
|c SK
|
| 100 |
1 |
|
|a David, Stanislav,
|d 1953-
|4 aut
|9 16035
|
| 245 |
1 |
0 |
|a MECHOROSTY (BRYOPHYTA) VE SBÍRKÁCH TEKOVSKÉHO MÚZEA
|c Stanislav David
|
| 773 |
0 |
|
|t Zborník Tekovského múzea v Leviciach
|g Roč. 2, č. 2 (1994), s. 129-135
|
| 958 |
|
|
|a OND
|
| 958 |
|
|
|a EUIPO
|
| 958 |
|
|
|a article18
|
| 999 |
|
|
|c 2052657
|d 2054587
|